LEADER 00928nam a2200253 i 4500 001 991002175569707536 005 20020503161939.0 008 981211s1958 sz ||| | fre 035 $ab10327125-39ule_inst 035 $aEXGIL98879$9ExL 040 $aBiblioteca Interfacoltà$bita 100 1 $aRouart, Denis$0210059 245 10$aClaude Monet :$bétude historique et critique /$cDenis Rouart ; introduction et conclusion Léon Degand 260 $aGenève :$bA. Skira,$c[1958] 300 $a128 p. :$bill. ;$c19 cm. 440 3$aLe gout de notre temps ;$v25 650 4$aMonet, Claude 700 1 $aDegand, Léon 907 $a.b10327125$b02-04-14$c27-06-02 912 $a991002175569707536 945 $aLE002 Ar. I B 42$g20021$i2002000975348$lle002$o-$pE0.00$q-$rl$s- $t0$u0$v0$w0$x0$y.i10384911$z27-06-02 996 $aClaude Monet$9200166 997 $aUNISALENTO 998 $ale002$b01-01-98$cm$da $e-$ffre$gsz $h0$i1